<?xml version="1.0" encoding="UTF-8"?><marc:collection xmlns:marc="http://www.loc.gov/MARC21/slim">
  <marc:record>
    <marc:leader>02051nas a2200457 c 4500</marc:leader>
    <marc:controlfield tag="001">010003258</marc:controlfield>
    <marc:controlfield tag="003">DE-101</marc:controlfield>
    <marc:controlfield tag="005">20250311211102.0</marc:controlfield>
    <marc:controlfield tag="007">tu</marc:controlfield>
    <marc:controlfield tag="008">991118d19041967au u||p|  ||| 0||||1ger c</marc:controlfield>
    <marc:datafield tag="016" ind1="7" ind2=" ">
      <marc:subfield code="2">DE-600</marc:subfield>
      <marc:subfield code="a">392-X</marc:subfield>
    </marc:datafield>
    <marc:datafield tag="016" ind1="7" ind2=" ">
      <marc:subfield code="2">DE-101</marc:subfield>
      <marc:subfield code="a">010003258</marc:subfield>
    </marc:datafield>
    <marc:datafield tag="022" ind1=" " ind2=" ">
      <marc:subfield code="a">0023-5490</marc:subfield>
    </marc:datafield>
    <marc:datafield tag="035" ind1=" " ind2=" ">
      <marc:subfield code="a">(DE-599)ZDB392-X</marc:subfield>
    </marc:datafield>
    <marc:datafield tag="035" ind1=" " ind2=" ">
      <marc:subfield code="a">(OCoLC)263588417</marc:subfield>
    </marc:datafield>
    <marc:datafield tag="040" ind1=" " ind2=" ">
      <marc:subfield code="a">9001</marc:subfield>
      <marc:subfield code="b">ger</marc:subfield>
      <marc:subfield code="c">DE-101</marc:subfield>
      <marc:subfield code="d">9999</marc:subfield>
    </marc:datafield>
    <marc:datafield tag="041" ind1=" " ind2=" ">
      <marc:subfield code="a">ger</marc:subfield>
    </marc:datafield>
    <marc:datafield tag="042" ind1=" " ind2=" ">
      <marc:subfield code="a">zdb</marc:subfield>
    </marc:datafield>
    <marc:datafield tag="044" ind1=" " ind2=" ">
      <marc:subfield code="c">XA-AT</marc:subfield>
      <marc:subfield code="c">XA-DE</marc:subfield>
    </marc:datafield>
    <marc:datafield tag="082" ind1="7" ind2="4">
      <marc:subfield code="a">700</marc:subfield>
      <marc:subfield code="q">DE-600</marc:subfield>
      <marc:subfield code="2">22sdnb</marc:subfield>
    </marc:datafield>
    <marc:datafield tag="084" ind1=" " ind2=" ">
      <marc:subfield code="a">9,10</marc:subfield>
      <marc:subfield code="2">ssgn</marc:subfield>
    </marc:datafield>
    <marc:datafield tag="245" ind1="0" ind2="0">
      <marc:subfield code="a">Kunstgeschichtliche Anzeigen</marc:subfield>
      <marc:subfield code="c">Kunstgeschichtliches Institut der Universität Wien. Institut für Österreichische Geschichtsforschung. Unter Mitarb. von ... hrsg. von Karl M. Swoboda</marc:subfield>
    </marc:datafield>
    <marc:datafield tag="264" ind1="3" ind2="1">
      <marc:subfield code="a">Graz</marc:subfield>
      <marc:subfield code="a">Wien</marc:subfield>
      <marc:subfield code="a">Köln</marc:subfield>
      <marc:subfield code="b">Böhlau</marc:subfield>
      <marc:subfield code="c">1904-1967</marc:subfield>
    </marc:datafield>
    <marc:datafield tag="264" ind1="2" ind2="1">
      <marc:subfield code="3">früher</marc:subfield>
      <marc:subfield code="a">Innsbruck</marc:subfield>
      <marc:subfield code="b">Wagner</marc:subfield>
    </marc:datafield>
    <marc:datafield tag="336" ind1=" " ind2=" ">
      <marc:subfield code="a">Text</marc:subfield>
      <marc:subfield code="b">txt</marc:subfield>
      <marc:subfield code="2">rdacontent</marc:subfield>
    </marc:datafield>
    <marc:datafield tag="337" ind1=" " ind2=" ">
      <marc:subfield code="a">ohne Hilfsmittel zu benutzen</marc:subfield>
      <marc:subfield code="b">n</marc:subfield>
      <marc:subfield code="2">rdamedia</marc:subfield>
    </marc:datafield>
    <marc:datafield tag="338" ind1=" " ind2=" ">
      <marc:subfield code="a">Band</marc:subfield>
      <marc:subfield code="b">nc</marc:subfield>
      <marc:subfield code="2">rdacarrier</marc:subfield>
    </marc:datafield>
    <marc:datafield tag="362" ind1="0" ind2=" ">
      <marc:subfield code="a">1.1904 - 3.1906; 1907 - 1913(1915); N.F. 1.1955/56(1956) - 7.1965/66(1967); damit Ersch. eingest.</marc:subfield>
    </marc:datafield>
    <marc:datafield tag="363" ind1="0" ind2="0">
      <marc:subfield code="8">1.1\x</marc:subfield>
      <marc:subfield code="a">1</marc:subfield>
      <marc:subfield code="i">1904</marc:subfield>
    </marc:datafield>
    <marc:datafield tag="363" ind1="1" ind2="0">
      <marc:subfield code="8">1.2\x</marc:subfield>
      <marc:subfield code="a">3</marc:subfield>
      <marc:subfield code="i">1906</marc:subfield>
    </marc:datafield>
    <marc:datafield tag="363" ind1="0" ind2="0">
      <marc:subfield code="8">2.1\x</marc:subfield>
      <marc:subfield code="i">1907</marc:subfield>
    </marc:datafield>
    <marc:datafield tag="363" ind1="1" ind2="0">
      <marc:subfield code="8">2.2\x</marc:subfield>
      <marc:subfield code="i">1913</marc:subfield>
    </marc:datafield>
    <marc:datafield tag="363" ind1="0" ind2="0">
      <marc:subfield code="8">3.1\x</marc:subfield>
      <marc:subfield code="a">1</marc:subfield>
      <marc:subfield code="i">1955/56</marc:subfield>
    </marc:datafield>
    <marc:datafield tag="363" ind1="1" ind2="0">
      <marc:subfield code="8">3.2\x</marc:subfield>
      <marc:subfield code="a">7</marc:subfield>
      <marc:subfield code="i">1965/66</marc:subfield>
    </marc:datafield>
    <marc:datafield tag="515" ind1=" " ind2=" ">
      <marc:subfield code="a">1908 nicht erschienen</marc:subfield>
    </marc:datafield>
    <marc:datafield tag="591" ind1=" " ind2=" ">
      <marc:subfield code="a">F/SCGC</marc:subfield>
    </marc:datafield>
    <marc:datafield tag="655" ind1=" " ind2="7">
      <marc:subfield code="0">(DE-588)4067488-5</marc:subfield>
      <marc:subfield code="0">https://d-nb.info/gnd/4067488-5</marc:subfield>
      <marc:subfield code="0">(DE-101)040674886</marc:subfield>
      <marc:subfield code="a">Zeitschrift</marc:subfield>
      <marc:subfield code="2">gnd-content</marc:subfield>
    </marc:datafield>
    <marc:datafield tag="710" ind1="2" ind2=" ">
      <marc:subfield code="0">(DE-588)1006454-0</marc:subfield>
      <marc:subfield code="0">https://d-nb.info/gnd/1006454-0</marc:subfield>
      <marc:subfield code="0">(DE-101)00403595X</marc:subfield>
      <marc:subfield code="a">Universität Wien</marc:subfield>
      <marc:subfield code="b">Institut für Österreichische Geschichtsforschung</marc:subfield>
      <marc:subfield code="e">Herausgebendes Organ</marc:subfield>
      <marc:subfield code="4">isb</marc:subfield>
      <marc:subfield code="2">gnd</marc:subfield>
    </marc:datafield>
    <marc:datafield tag="772" ind1="0" ind2="8">
      <marc:subfield code="i">Supplement zu</marc:subfield>
      <marc:subfield code="n">1904 - 1913 Beibl. zu</marc:subfield>
      <marc:subfield code="a">Universität Wien / Institut für Österreichische Geschichtsforschung</marc:subfield>
      <marc:subfield code="t">Mitteilungen des Instituts für Österreichische Geschichtsforschung</marc:subfield>
      <marc:subfield code="d">Wien ; Köln ; Weimar : Böhlau, 1880-</marc:subfield>
      <marc:subfield code="x">0073-8484</marc:subfield>
      <marc:subfield code="w">(DE-600)3576-2</marc:subfield>
      <marc:subfield code="w">(DE-101)01005376X</marc:subfield>
    </marc:datafield>
    <marc:datafield tag="776" ind1="0" ind2="8">
      <marc:subfield code="i">Elektronische Reproduktion</marc:subfield>
      <marc:subfield code="t">Kunstgeschichtliche Anzeigen</marc:subfield>
      <marc:subfield code="d">Graz ; Wien ; Köln : Böhlau, 1904-1967</marc:subfield>
      <marc:subfield code="w">(DE-600)3031807-5</marc:subfield>
      <marc:subfield code="w">(DE-101)1214316727</marc:subfield>
    </marc:datafield>
    <marc:datafield tag="850" ind1=" " ind2=" ">
      <marc:subfield code="a">DE-101a</marc:subfield>
      <marc:subfield code="a">DE-101b</marc:subfield>
    </marc:datafield>
  </marc:record>
</marc:collection>
